RAAF aircraft - Statistics

General Stats
  • This quiz has been taken 66 times
  • The average score is 8 of 15
Answer Stats
Picture Answer % Correct
f-35
91%
c-130
85%
c-17
85%
c-27
66%
fa-18
62%
BAE hawk
60%
ea-18
58%
kc-30
58%
e-7 wedgetail
57%
p-8 poseidon
55%
pc-21
49%
King Air
45%
737 BBJ
21%
Falcon 7x
19%
mq-47 triton
4%
No matching quizzes found
Score Distribution
Percent of People with Each Score
Percentile by Number Answered
Your Score History
You have not taken this quiz